| 000 | 00540nam a2200145Ia 4500 | ||
|---|---|---|---|
| 008 | 170221s9999 xx 000 0 und d | ||
| 100 | _aMostafa M. Maksy | ||
| 245 | _aWhich free cash flow is value relevant? The case of the energy industry | ||
| 245 | _cMostafa M. Maksy, Kutztown University of Pennsylvania; Gary T. Chen, University of Illinois at Chicago. | ||
| 260 | _bJournal of Management and Marketing Research | ||
| 260 | _c2014 | ||
| 300 | _a5 : 2 | ||
| 650 | _xBusiness | ||
| 856 | _uhttp://www.aabri.com/manuscripts/131529.pdf | ||
| 999 |
_c313694 _d313694 |
||